000 00488nam a2200169 i 4500
001 150474
003 ES-MaACL
005 20230906203528.0
007 t|
008 071030s1930 sp ||||1| spa d
100 1 _aValera, Fernando,
_d1899-1982
_9112637
245 1 0 _aSalmos de la noche espiritual /
_cFernando Valera.
260 _a[Valencia :
_bs.n.],
_c1930 (
_fTip. de Pascual Quiles)
300 _a158 p. ;
_c19 cm.
852 _aES-MaACL
_jA-2084
999 _c150474
_d150474